How to release music : a guide for educators, mentors, and artists /

"This book is designed to give artists, mentors, and music educators working at the secondary or collegiate level an overview of what goes into releasing music - both original and covers. It is designed to be a guide for artists and educators who not only want to release their own music but who...

Full description

Bibliographic Details
Main Authors: Reinhert, Kat (Author), Gulish, Sarah (Author)
Format: eBook
Language:English
Published: New York, NY : Oxford University Press, [2025]
Subjects:
Online Access:Connect to the full text of this electronic book

MARC

Tag First Indicator Second Indicator Subfields
LEADER 00000cam a2200000 i 4500
001 in00005728621
005 20260319210334.6
006 m o d
007 cr cnu---unuuu
008 250520s2025 nyua ob 001 0 eng
010 |a  2025022784 
040 |a DLC  |b eng  |e rda  |c DLC  |d OCLCO  |d STBDS  |d OCLCO  |d N$T  |d EBLCP  |d UKMGB  |d CLOUD  |d UIU  |d YDX 
015 |a GBC5C1691  |2 bnb 
016 7 |a 300633749  |2 Uk 
020 |a 9780197761229  |q electronic book 
020 |a 0197761224  |q electronic book 
020 |a 9780197761205  |q electronic book 
020 |a 0197761208  |q electronic book 
020 |a 9780197761212  |q electronic book 
020 |a 0197761216  |q electronic book 
020 |z 9780197761199  |q paperback 
020 |z 9780197761182  |q hardcover 
024 7 |a 10.1093/oso/9780197761182.001.0001  |2 doi 
024 8 |a CIPO000301160 
035 |a (OCoLC)1528502871 
042 |a pcc 
050 0 4 |a ML3790  |b .R47 2025 
082 0 0 |a 780.23  |2 23/eng/20250520 
049 |a TXAM 
100 1 |a Reinhert, Kat,  |e author.  |4 aut  |4 http://id.loc.gov/vocabulary/relators/aut  |1 http://id.loc.gov/rwo/agents/n2025022377 
245 1 0 |a How to release music :  |b a guide for educators, mentors, and artists /  |c Kat Reinhert and Sarah Gulish. 
264 1 |a New York, NY :  |b Oxford University Press,  |c [2025] 
300 |a 1 online resource (xviii, 206 pages) :  |b color illustrations 
334 |a single unit  |b mono  |0 http://id.loc.gov/vocabulary/issuance/mono 
336 |a text  |b txt  |2 rdacontent 
337 |a computer  |b c  |2 rdamedia 
338 |a online resource  |b cr  |2 rdacarrier 
353 |a bibliography  |b bibliography  |0 http://id.loc.gov/vocabulary/msupplcont/bibliography 
353 |a index  |b index  |0 http://id.loc.gov/vocabulary/msupplcont/index 
504 |a Includes bibliographical references and index. 
505 0 |a Releasing music : an overview -- Getting organized -- Recording your songs -- Protecting your work and getting paid -- Working with minors -- Visual branding -- Biographies, artist statements, and electronic press kits -- Gathering your team, negotiation, and success -- Distributing your songs -- Marketing your release -- Mental health and artistic vision -- Inspiration and encouragement -- Brief history of technology in recording. 
520 |a "This book is designed to give artists, mentors, and music educators working at the secondary or collegiate level an overview of what goes into releasing music - both original and covers. It is designed to be a guide for artists and educators who not only want to release their own music but whose students are interested in releasing their music. This guide could be used by anyone interested in releasing independent music; however, it is specifically designed to address the questions and concerns educators often face when considering such issues as protecting copyrights, working with minors, and collecting revenue. This text will include actionable exercises for learner-centered pedagogical outcomes"-- Provided by publisher. 
588 |a Description based on online resource; title from digital title page (viewed on February 18, 2026). 
650 0 |a Music trade  |x Vocational guidance. 
650 6 |a Musique  |x Industrie  |x Orientation professionnelle. 
650 7 |a Business Aspects.  |2 bisacsh 
650 7 |a MUSIC.  |2 bisacsh 
650 7 |a Recording & Reproduction.  |2 bisacsh 
650 7 |a PERFORMING ARTS.  |2 bisacsh 
650 7 |a Music trade  |x Vocational guidance  |2 fast 
655 7 |a Electronic books.  |2 local 
700 1 |a Gulish, Sarah,  |e author.  |4 http://id.loc.gov/vocabulary/relators/aut  |1 https://id.oclc.org/worldcat/entity/E39PCjyqf3CFC6cWCBWT99TwP3  |1 http://id.loc.gov/rwo/agents/no2017111131 
758 |1 http://id.loc.gov/resources/instances/24212096 
758 |4 http://id.loc.gov/ontologies/bibframe/instanceOf  |1 http://id.loc.gov/resources/works/24212096 
776 0 8 |i Print version:  |a Reinhert, Kat.  |t How to release music  |b [First edition].  |d New York, NY : Oxford University Press, 2025  |z 9780197761199  |z 9780197761182  |w (DLC) 2025022783 
856 4 0 |u http://proxy.library.tamu.edu/login?url=https://academic.oup.com/book/61711  |z Connect to the full text of this electronic book  |t 0 
884 |a DLC bibframe2marc v2.10-dev  |g 20250520  |q DLC  |u https://github.com/lcnetdev/bibframe2marc/releases/tag/v2.10-dev 
955 |a Oxford Scholarship Online 
994 |a 92  |b TXA 
999 f f |i 2c83c9e6-ac95-4283-a257-b6fd4cf5a4e8  |s eb4f926c-0b0b-4559-a84b-142ed6e19c4b  |t 0 
952 f f |a Texas A&M University  |b College Station  |c Electronic Resources  |s www_evans  |d Available Online  |t 0  |e ML3790 .R47 2025  |h Library of Congress classification 
998 f f |a ML3790 .R47 2025  |t 0  |l Available Online